Restructuring government and the economy (Record no. 22785)

000 -LEADER
fixed length control field 01041pab a2200133 454500
008 - FIXED-LENGTH DATA ELEMENTS--GENERAL INFORMATION
fixed length control field 180718b xxu||||| |||| 00| 0 eng d
100 ## - MAIN ENTRY--PERSONAL NAME
Personal name Hyde, A.C
245 ## - TITLE STATEMENT
Title Restructuring government and the economy
520 ## - SUMMARY, ETC.
Summary, etc. The author describes that the content and nature of public administration depends upon the content and nature of the government it serves. He further explaining the facts that in the last generation the federal government has experienced a sea change: it is itself doing loss but influencing far more. It has at the same time become far more dependent upon institutions outside itself. The author feels that many of us in public administration have kept sufficiently abreast of the problems and implications of the massive changes in American government... The naturen of public management has changed and it must look outward more, inward relatively less. The fact is that in the current climate of political pessimism
650 ## - SUBJECT ADDED ENTRY--TOPICAL TERM
Topical term or geographic name entry element Government
650 ## - SUBJECT ADDED ENTRY--TOPICAL TERM
Topical term or geographic name entry element Public Administration
773 ## - HOST ITEM ENTRY
Main entry heading Public Manager
909 ## -
-- 22785
Holdings
Withdrawn status Lost status Damaged status Not for loan Permanent Location Current Location Date acquired Serial Enumeration / chronology Barcode Date last seen Price effective from Koha item type
        Indian Institute of Public Administration Indian Institute of Public Administration 2018-07-19 Issue no: 21(1) Spring 92, p.12-14 AR22854 2018-07-19 2018-07-19 Articles

Powered by Koha